000 00799nas a2200241 4500
001 BR0810095
003 BR-BrBNA
005 20231205112911.0
007 ta
008 230509b bl.|||p| |||| 00| 00por d
040 _aBR-BrBNA
_bpor
_cBiblioteca Nacional de Agricultura
041 _a(Pt)
072 _aE16
100 1 _aJacinto, P. de A.
245 1 _aDiferenciais de salários por gênero na indústria avícola da região sul do Brasil: uma análise com micro dados
650 _aSALÁRIO
650 _aDECOMPOSIÇÃO
650 _aMERCADO DE TRABALHO
650 _aINDUSTRIALIZAÇÃO
773 0 _tRevista de Economia e Sociologia Rural (Brazil)
_xISSN 0103-2003
_g(Jul- Sep 2005), v. 43(3) p. 529-555
_wBR0810095
909 _a202311
_bLúcia
_c55
_dLúcia Elande
942 _2AGRIS
_n0
_cANA
999 _c200686
_d200686